التصوير الشعبي العربي / (Record no. 55364)

MARC details
000 -LEADER
fixed length control field 00667nam a22001937a 4500
005 - DATE AND TIME OF LATEST TRANSACTION
control field 20251108171042.0
008 - FIXED-LENGTH DATA ELEMENTS--GENERAL INFORMATION
fixed length control field 250721s1995 xx 000 0 ara d
082 14 - DEWEY DECIMAL CLASSIFICATION NUMBER
Classification number 745.0956/قان
100 1# - MAIN ENTRY--PERSONAL NAME
Personal name قانصو، أكرم
245 10 - TITLE STATEMENT
Title التصوير الشعبي العربي /
264 1# - PRODUCTION, PUBLICATION, DISTRIBUTION, MANUFACTURE, AND COPYRIGHT NOTICE
Place of production, publication, distribution, manufacture الكويت :
Name of producer, publisher, distributor, manufacturer المجلس الوطني للصقافة و الفنون و الأداب،
Date of production, publication, distribution, manufacture, or copyright notice 1995.
300 ## - PHYSICAL DESCRIPTION
Extent 302ص
490 0# - SERIES STATEMENT
Series statement عالم المعرفة : سلسلة كتب ثقافية شهرية ... ، 203
650 17 - SUBJECT ADDED ENTRY--TOPICAL TERM
Topical term or geographic name as entry element الفن الشعبي
650 17 - SUBJECT ADDED ENTRY--TOPICAL TERM
Topical term or geographic name as entry element الرسم العربي
650 17 - SUBJECT ADDED ENTRY--TOPICAL TERM
Topical term or geographic name as entry element الرسم الإسلامي
942 ## - ADDED ENTRY ELEMENTS (KOHA)
Source of classification or shelving scheme Dewey Decimal Classification
Koha item type Books
Holdings
حالة السحب حالة الفقدان مصدر التصنيف حالة التلف غير قابل للإعارة المكتبة الرئيسية المكتبة الحالية موقع الرف تاريخ التزويد الرقم المتسلسل Total Checkouts رقم الإستدعاء الباركود تاريخ آخر ظهور تاريخ الفاتورة نوع المادة (كوها)
    Dewey Decimal Classification     المكتبة المركزية المكتبة المركزية الإعارة 06/07/2004 222574   745.0956/قان 222574 28/07/2025 06/07/2004 Books
    Dewey Decimal Classification     المكتبة المركزية المكتبة المركزية مقتنيات قسم التزويد 28/07/2025 1740057   745.0956/قان   28/07/2025 28/07/2025 Books
    Dewey Decimal Classification     مكتبة الأميرة ايمان العامة مكتبة الأميرة ايمان العامة الإعارة 12/11/2013 [6997]   745.0956/قان PLD00285819 28/07/2025 12/11/2013 Books
    Dewey Decimal Classification Unchecked   مكتبة صويلح العامة مكتبة صويلح العامة الإعارة 06/07/2004 10641   745.0956/قان   28/07/2025 06/07/2004 Books
    Dewey Decimal Classification     مكتبة وادي السير العامة مكتبة وادي السير العامة الإعارة 12/03/2016 [5970.]   745.0956/قان PLD00379241 28/07/2025 12/03/2016 Books
Implemented & Customized by: BBB with SCIT (Smart Chains for Information Technology)

Powered by Koha